000 00579nam a2200169 4500
001 123183
003 ES-MaACL
005 20230906192127.0
007 t|
008 070214s1958 sp r ||||0| spa d
100 1 _aPschyrembel, W.
_994100
245 1 0 _aObstetricia práctica /
_cpor el Profesor W. Pschyrembel ; traducción española de la sexta edición alemana por el Dr. Lesmes Zabal Cervera.
260 _aBarcelona [etc.] :
_bLabor,
_c1958.
300 _aXV, 673 p :
_bil ;
_c23 cm.
700 1 _aZabal Cervera, Lesmes.
_9117773
852 _aES-MaACL
_jC-14591
_bR.42685
999 _c123183
_d123183